Evaluation of biological and chemical control strategies against the white grubs (Holotrichia serrata) infesting rubber seedlings (Record no. 50216)

MARC details
000 -LEADER
fixed length control field 00517nam a2200157Ia 4500
100 ## - MAIN ENTRY--AUTHOR NAME
Personal name Nehru C.R.
245 #0 - TITLE STATEMENT
Title Evaluation of biological and chemical control strategies against the white grubs (Holotrichia serrata) infesting rubber seedlings
260 ## - PUBLICATION, DISTRIBUTION, ETC. (IMPRINT)
Name of publisher Indian Journal of Natural Rubber Research
Year of publication 1993
300 ## - PHYSICAL DESCRIPTION
Number of Pages 159-162
650 ## - SUBJECT ADDED ENTRY--TOPICAL TERM
Topical Term Biological control
650 ## - SUBJECT ADDED ENTRY--TOPICAL TERM
Topical Term Holotrichia serrata
650 ## - SUBJECT ADDED ENTRY--TOPICAL TERM
Topical Term White grub
700 ## - ADDED ENTRY--PERSONAL NAME
Personal name Jayarathnam K.
942 ## - ADDED ENTRY ELEMENTS (KOHA)
Koha item type Bibliography STAF
Holdings
Withdrawn status Lost status Damaged status Not for loan Home library Current library Shelving location Date acquired Serial Enumeration / chronology Koha item type
      Bibliography RRII Library RRII Library Pathology 09/04/2014 Volume 6, Issue 1&2 Bibliography STAF